000 00539nam a2200181Ia 4500
003 IN-BaIIA
008 211028s9999 xx 000 0 eng d
020 _a0-85274-375-0
040 _cIIA Library
080 _a523.98
_bDUR
100 _aDurrant, C. J.
_916406
245 4 _aThe atmosphere of the sun
_cC. J. Durrant
260 _aBristol
_bIOP Publishing
_c1988
300 _axiii,168p.
650 _aAstronomy and Astrophysics Thesaurus
650 _aSolar Atmosphere
_94799
942 _cBK
999 _c9703
_d9703